| 000 | 00578nam a2200193Ia 4500 | ||
|---|---|---|---|
| 003 | GCL | ||
| 008 | 140319s9999 xx 000 0 ara d | ||
| 040 |
_aGCL / _cGCL |
||
| 082 | 0 | 4 |
_aد _b050 |
| 100 | 1 | _aصالح على بدير | |
| 245 | 1 | 0 |
_aالروماتيزم : الالم والامل ( اقرا 502 ) / _cصالح على بدير |
| 300 | _a111 ص | ||
| 490 |
_aوثائق ونصوص _v0 |
||
| 650 | 0 | 4 | _aالامراض |
| 650 | 0 | 4 | _aالروماتيزم |
| 650 | 0 | 4 | _aالمفاصل - امراض |
| 650 | 0 | 4 | _aالحمى الروماتيزمية |
| 942 |
_2ddc _cCF |
||
| 999 |
_c27222 _d27222 |
||